Statystyki dla Znani Czesi - quiz obrazkowy

Kliknij tutaj aby rozwiązać quiz!

Ogólne statystyki

  • Ten quiz został rozwiązany 119 razy
  • Średni wynik to 3 z 12

Statystyki odpowiedzi

Odpowiedź% Poprawnych
Václav Havel
79%
Franz Kafka
74%
Martina Navratilova
34%
Emil Zátopek
24%
Alfons Mucha
22%
Antonín Dvořák
21%
Ivana Trump
21%
Ivan Lendl
20%
Madeline Albright
19%
Karolina Kurkova
9%
Paulina Porizkova
8%
Adolf Loos
6%

Rozkład punktacji

Percentyl według liczby udzielonych odpowiedzi

Procent ludzi z każdym wynikiem

Twoja historia wyników

Nie rozwiązałeś tego quizu